| 000 | 00798cam a22002534a 4500 | ||
|---|---|---|---|
| 008 | |||
| 020 | _a0761987738 (pbk.) | ||
| 049 | _aMAIN | ||
| 090 |
_aHN90.M3 _bCRO |
||
| 100 | 1 | _aCroteau, David. | |
| 245 | 1 | 0 |
_aMedia society : _bindustries images and audiences / _cDavid Croteau and William Hoynes. |
| 250 | _a3rd ed. | ||
| 260 |
_aThousand Oaks : _bSage Publications Inc., _c2003. |
||
| 300 |
_axx, 409 p. : _bill. ; _c23 cm. |
||
| 500 | _aIncludes index. | ||
| 650 | 0 |
_aMass media _xSocial aspects _zUnited States. |
|
| 650 | 0 |
_aMass media _xPolitical aspects _zUnited States. |
|
| 700 | 1 | _aHoynes, William. | |
| 907 |
_a.b10306614 _b23-07-12 _c31-01-12 |
||
| 003 | |||
| 005 | 20230123125359.0 | ||
| 040 | _cNUST | ||
| 942 |
_cBOOKS _kHN90.M3 _mCRO |
||
| 999 |
_c140526 _d140526 |
||